Statistics for Saint Lucia First Level Subdivisions

Click here to take the quiz!

General Stats

  • This quiz has been taken 51 times
  • The average score is 4 of 11

Answer Stats

Quartiers% Correct
Castries
100%
Vieux Fort
47%
Anse la Raye
40%
Gros Islet
40%
Canaries
33%
Choiseul
33%
Dennery
33%
Laborie
33%
Micoud
33%
Soufrière
33%
Babonneau
7%

Score Distribution

Percentile by Number Answered

Percent of People with Each Score

Your Score History

You have not taken this quiz